Alice ; and, The lost novel /

Bibliographic Details
Main Author: Anderson, Sherwood, 1876-1941
Format: Book
Language:English
Published: London : Elkin Mathews & Marrot, 1929.
Series:Woburn books ; no. 10.

MARC

Tag First Indicator Second Indicator Subfields
LEADER 00000cam a2200000 4500
001 in00000017435
005 20151007053547.0
008 730426s1929 enk 00011 eng u
035 |a (OCoLC)00611232 
035 |9 AAB2069AM 
040 |c KSU  |d m.c.  |d TXA  |d UtOrBLW 
049 |a TXAM  |c [A11100501] 
050 0 0 |a PS3501.N4  |b A68 
100 1 |a Anderson, Sherwood,  |d 1876-1941. 
245 1 0 |a Alice ; and, The lost novel /  |c by Sherwood Anderson. 
264 1 |a London :  |b Elkin Mathews & Marrot,  |c 1929. 
300 |a 27 pages ;  |c 19 cm. 
336 |a text  |b txt  |2 rdacontent 
337 |a unmediated  |b n  |2 rdamedia 
338 |a volume  |b nc  |2 rdacarrier 
490 1 |a The Woburn books,  |v no. 10 
500 |a "This is copy number 456." 
740 4 |a The lost novel. 
830 0 |a Woburn books ;  |v no. 10. 
999 |a MARS 
999 f f |s eedcff2b-08d6-3496-bbec-86a33edd6b48  |i 19085339-0c5d-3e69-bd87-d50eac5a5739  |t 0 
952 f f |p ric  |a Texas A&M University  |b Rellis Campus  |c Joint Library Facility  |s JLF  |d Remote Storage  |t 0  |e PS3501.N4 A68  |h Library of Congress classification  |i unmediated -- volume  |m A14811100501 
998 f f |a PS3501.N4 A68  |t 0  |l Remote Storage